[Event "Leamington Spa 4NCL op 25th"]
[Site "Leamington Spa"]
[Date "2021.07.11"]
[Round "4"]
[White "Moyse, Nigel John"]
[Black "Farrington, Edward"]
[Result "0-1"]
[WhiteElo "2036"]
[BlackElo "1983"]
[PlyCount "88"]
[EventDate "2021.07.09"]
[EventType "swiss"]
[EventRounds "5"]
[EventCountry "ENG"]
[SourceTitle "CBM 203 Extra"]
[Source "ChessBase"]
[SourceDate "2021.09.30"]
[SourceVersion "1"]
[SourceVersionDate "2021.09.30"]
[SourceQuality "1"]

1. d4 d5 2. Bf4 Nf6 3. e3 c5 4. c3 Nc6 5. Nd2 cxd4 6. exd4 Bf5 7. Ngf3 e6 8. Bb5 Bd6 9. Ne5 Bxe5 10. Bxe5 0-0 11. Bg3 Qb6 12. Qb3 Nh5 13. 0-0 Nxg3 14. hxg3 Na5 15. Qb4 a6 16. Ba4 Qxb4 17. cxb4 Nc4 18. Nxc4 dxc4 19. Rac1 b5 20. Bc2 Bxc2 21. Rxc2 Rfd8 22. Rd1 Rd5 23. f4 Rad8 24. Rcd2 f6 25. Kf2 h5 26. Ke3 Kf7 27. Ke4 g5 28. Rh1 Kg6 29. Ke3 e5 30. Rhd1 Kf5 31. fxe5 fxe5 32. Rf1+ Kg4 33. Rf6 exd4+ 34. Ke4 R5d6 35. Rxd6 Rxd6 36. Ke5 Rd8 37. Kf6 d3 38. Ke7 Rd4 39. a4 Re4+ 40. Kd6 Re2 41. Rd1 Rxb2 42. Kc5 d2 43. axb5 axb5 44. Kxb5 c3 0-1

[Event "GBR-ch Atkins op 106th"]
[Site "Torquay"]
[Date "2019.07.27"]
[Round "2"]
[White "Wells, Tony D"]
[Black "Farrington, Edward"]
[Result "0-1"]
[WhiteElo "1850"]
[BlackElo "1951"]
[PlyCount "84"]
[EventDate "2019.07.26"]
[EventType "swiss"]
[EventRounds "5"]
[EventCountry "ENG"]
[SourceTitle "EXT 2021"]
[Source "ChessBase"]
[SourceDate "2020.10.23"]
[SourceVersion "1"]
[SourceVersionDate "2020.10.23"]
[SourceQuality "1"]

1. e4 c6 2. c4 d5 3. exd5 cxd5 4. d4 Nf6 5. Nc3 g6 6. Bg5 Ne4 7. Nxe4 dxe4 8. Qd2 Bg7 9. Rd1 Nc6 10. d5 Ne5 11. Qb4 h6 12. Bh4 g5 13. Bg3 f5 14. f4 Ng6 15. Nh3 g4 16. Nf2 h5 17. h4 Qb6 18. Qxb6 axb6 19. Rb1 Rxa2 20. Nd1 Bd7 21. Be2 0-0 22. Kd2 Bh6 23. Rf1 e5 24. dxe6 Bxe6 25. Nc3 Raa8 26. Ke3 Ne7 27. Be1 Rfd8 28. Nb5 Rac8 29. b3 Bg7 30. g3 Nc6 31. Kf2 Nd4 32. Nxd4 Bxd4+ 33. Kg2 Ra8 34. Rd1 b5 35. cxb5 Bxb3 36. Rb1 Bd5 37. Rd1 e3+ 38. Kg1 Ra2 39. Bc3 Rxe2 40. Rxd4 Rg2+ 41. Kh1 Rc2+ 42. Kg1 Rxc3 0-1

[Event "South Wales op 15th"]
[Site "Cardiff"]
[Date "2018.07.10"]
[Round "6"]
[White "Farrington, Edward"]
[Black "Taylor, Robert Graham"]
[Result "1-0"]
[WhiteElo "2010"]
[BlackElo "1847"]
[PlyCount "71"]
[EventDate "2018.07.07"]
[EventType "swiss"]
[EventRounds "9"]
[EventCountry "WLS"]
[SourceTitle "EXT 2019"]
[Source "ChessBase"]
[SourceDate "2018.10.10"]
[SourceVersion "1"]
[SourceVersionDate "2018.10.10"]
[SourceQuality "1"]

1. b4 a5 2. b5 c6 3. c4 d5 4. e3 Nf6 5. Bb2 e6 6. Nf3 Bd6 7. Be2 0-0 8. 0-0 Nbd7 9. d4 Ne4 10. Nbd2 Nxd2 11. Qxd2 cxb5 12. c5 Bc7 13. Bxb5 Nf6 14. Ba3 Ne4 15. Qc2 f5 16. Ne5 Rf6 17. f3 Ng5 18. Rab1 f4 19. exf4 Rxf4 20. Qd2 Rh4 21. Qf2 Rf4 22. Bc1 Rf8 23. Bd3 Nf7 24. Qg3 Bxe5 25. dxe5 Qc7 26. Re1 Qxc5+ 27. Kh1 Qd4 28. f4 Nh6 29. Rf1 b6 30. Bb2 Qa4 31. Bc3 Nf5 32. Bxf5 Rxf5 33. Rxb6 Ba6 34. Rfb1 Qxf4 35. Rb8+ Rf8 36. Rxa8 1-0

[Event "South Wales op 15th"]
[Site "Cardiff"]
[Date "2018.07.09"]
[Round "5"]
[White "Wilson, Matthew R"]
[Black "Farrington, Edward"]
[Result "0-1"]
[WhiteElo "1816"]
[BlackElo "2010"]
[PlyCount "52"]
[EventDate "2018.07.07"]
[EventType "swiss"]
[EventRounds "9"]
[EventCountry "WLS"]
[SourceTitle "EXT 2019"]
[Source "ChessBase"]
[SourceDate "2018.10.10"]
[SourceVersion "1"]
[SourceVersionDate "2018.10.10"]
[SourceQuality "1"]

1. Nf3 b5 2. e4 a6 3. d4 Bb7 4. Bd3 e6 5. 0-0 Nf6 6. Re1 d5 7. exd5 Qxd5 8. Nbd2 Nbd7 9. Ne4 c5 10. c3 cxd4 11. cxd4 Be7 12. Bf4 0-0 13. Ne5 Rfd8 14. Rc1 Rac8 15. Rxc8 Rxc8 16. Re3 g6 17. Bb1 Qxd4 18. Nxf6+ Nxf6 19. Nd3 Nd5 20. Rf3 Nxf4 21. Rxf4 Qd5 22. Qf3 Qxf3 23. gxf3 e5 24. Rg4 Bxf3 25. Rg3 e4 26. Kf1 exd3 0-1

[Event "BCF-ch Week2 AM op"]
[Site "Bournemouth"]
[Date "2016.08.01"]
[Round "1"]
[White "O'Gorman, Brendan"]
[Black "Farrington, Edward"]
[Result "0-1"]
[WhiteElo "1805"]
[BlackElo "1970"]
[PlyCount "76"]
[EventDate "2016.08.01"]
[EventType "swiss"]
[EventRounds "5"]
[EventCountry "ENG"]
[SourceTitle "CBM 173 Extra"]
[Source "ChessBase"]
[SourceDate "2016.08.29"]
[SourceVersion "1"]
[SourceVersionDate "2016.08.29"]
[SourceQuality "1"]

1. c4 e6 2. Nc3 d5 3. d4 c5 4. Nf3 Nc6 5. cxd5 exd5 6. g3 Nf6 7. Bg2 Be7 8. 0-0 0-0 9. Bg5 cxd4 10. Nxd4 Bg4 11. h3 Be6 12. Rc1 Qb6 13. Nxc6 bxc6 14. Na4 Qa6 15. a3 h6 16. Be3 Nd7 17. Qc2 Rac8 18. Rfd1 Rfe8 19. Rd2 Ne5 20. b3 Bxa3 21. Ra1 Bb4 22. Rdd1 Qb7 23. Nc5 Bxc5 24. Bxc5 a6 25. Ra5 Nd7 26. Rda1 Nxc5 27. Qxc5 Qxb3 28. Rxa6 Qb5 29. Qc2 c5 30. R1a5 Qb4 31. Kh2 d4 32. Ra3 c4 33. Be4 Rb8 34. Kg2 Qb2 35. Qd1 Bxh3+ 36. Kxh3 Rxe4 37. Ra2 Qb1 38. Qa4 Qh1# 0-1

[Event "GBR-ch Major 102nd"]
[Site "Coventry"]
[Date "2015.08.06"]
[Round "10"]
[White "Verma, Aditya"]
[Black "Farrington, Edward"]
[Result "1/2-1/2"]
[WhiteElo "1696"]
[BlackElo "2043"]
[PlyCount "93"]
[EventDate "2015.07.27"]
[EventType "swiss"]
[EventRounds "11"]
[EventCountry "ENG"]
[SourceTitle "CBM 167 Extra"]
[Source "ChessBase"]
[SourceDate "2015.09.14"]
[SourceVersion "1"]
[SourceVersionDate "2015.09.14"]
[SourceQuality "1"]

1. e4 c5 2. Nf3 b6 3. d4 cxd4 4. Nxd4 Bb7 5. Nc3 a6 6. a4 e6 7. Be3 Qc7 8. f3 h5 9. Be2 Nf6 10. Qd2 Nc6 11. 0-0 Ne5 12. h3 Bb4 13. Ncb5 Bxd2 14. Nxc7+ Kd8 15. Ncxe6+ fxe6 16. Bxd2 Rc8 17. Bc3 Nc4 18. Bxc4 Rxc4 19. Rfd1 Ke7 20. Ra3 d5 21. e5 Nd7 22. f4 Rf8 23. Rf1 g6 24. g4 hxg4 25. hxg4 Nc5 26. Kg2 Rxa4 27. Rxa4 Nxa4 28. Bb4+ Nc5 29. Kg3 Kd7 30. Bxc5 bxc5 31. Nb3 Kc6 32. Rh1 d4 33. Na5+ Kb6 34. Nxb7 Kxb7 35. Rh7+ Kc6 36. Ra7 Kd5 37. Rxa6 c4 38. Rd6+ Ke4 39. Rxe6 d3 40. cxd3+ cxd3 41. Rd6 Ke3 42. e6 d2 43. e7 Re8 44. Re6+ Kd4 45. Rd6+ Ke3 46. Re6+ Kd4 47. Rd6+ 1/2-1/2

[Event "GBR-ch Major 102nd"]
[Site "Coventry"]
[Date "2015.08.04"]
[Round "8"]
[White "Moreby, James"]
[Black "Farrington, Edward"]
[Result "1-0"]
[WhiteElo "1997"]
[BlackElo "2043"]
[PlyCount "81"]
[EventDate "2015.07.27"]
[EventType "swiss"]
[EventRounds "11"]
[EventCountry "ENG"]
[SourceTitle "CBM 167 Extra"]
[Source "ChessBase"]
[SourceDate "2015.09.14"]
[SourceVersion "1"]
[SourceVersionDate "2015.09.14"]
[SourceQuality "1"]

1. d4 c5 2. d5 e6 3. c4 exd5 4. cxd5 d6 5. Nc3 Be7 6. e4 Bf6 7. Nb5 Ne7 8. Bf4 0-0 9. Qd2 Ng6 10. Bxd6 Re8 11. f3 Bg5 12. Qc3 Na6 13. Bg3 Qxd5 14. Nd6 Re7 15. Bc4 Qd4 16. Qxd4 cxd4 17. Ne2 Nb4 18. 0-0 Nc2 19. Rac1 Ne3 20. Rfe1 Nxc4 21. Rxc4 Be6 22. Rxd4 Be3+ 23. Bf2 Bxd4 24. Bxd4 Rd7 25. e5 Ne7 26. f4 Nf5 27. Bc5 Nxd6 28. Bxd6 Bxa2 29. Nc3 Be6 30. h3 Rc8 31. g4 g6 32. Re4 Kg7 33. Kf2 b5 34. Ke3 a6 35. Rd4 Rc4 36. Rd2 h5 37. Ne4 hxg4 38. hxg4 Ra7 39. Nf6 Ra8 40. Rh2 Rh8 41. Bf8+ 1-0

[Event "GBR-ch Major 102nd"]
[Site "Coventry"]
[Date "2015.08.03"]
[Round "7"]
[White "Farrington, Edward"]
[Black "Ireland, David J"]
[Result "1-0"]
[WhiteElo "2043"]
[BlackElo "1925"]
[PlyCount "67"]
[EventDate "2015.07.27"]
[EventType "swiss"]
[EventRounds "11"]
[EventCountry "ENG"]
[SourceTitle "CBM 167 Extra"]
[Source "ChessBase"]
[SourceDate "2015.09.14"]
[SourceVersion "1"]
[SourceVersionDate "2015.09.14"]
[SourceQuality "1"]

1. d4 Nf6 2. Bf4 e6 3. e3 c5 4. c3 b6 5. Nd2 Bb7 6. Ngf3 d5 7. Bxb8 Rxb8 8. Bb5+ Ke7 9. Ne5 Qc7 10. 0-0 a6 11. Bd3 Ke8 12. f4 Bd6 13. Qf3 g6 14. g4 h5 15. g5 Nd7 16. h4 Bxe5 17. fxe5 Rh7 18. Qh3 Rg7 19. Rf2 b5 20. Raf1 Nf8 21. a3 Bc8 22. Qf3 Qe7 23. e4 Bb7 24. b4 cxd4 25. cxd4 Rc8 26. Nb1 Nd7 27. exd5 Bxd5 28. Be4 Nb6 29. Nd2 Qd8 30. Bxd5 Qxd5 31. Ne4 Kf8 32. Qxf7+ Rxf7 33. Rxf7+ Kg8 34. Nf6+ 1-0

[Event "Lille Luce op 6th"]
[Site "Lille"]
[Date "2015.05.06"]
[Round "3"]
[White "Farrington, Edward"]
[Black "Lazarev, Vladimir"]
[Result "0-1"]
[WhiteElo "2024"]
[BlackElo "2361"]
[PlyCount "78"]
[EventDate "2015.05.04"]
[EventType "swiss"]
[EventRounds "9"]
[EventCountry "FRA"]
[SourceTitle "EXT 2017"]
[Source "ChessBase"]
[SourceDate "2016.10.25"]
[SourceVersion "1"]
[SourceVersionDate "2016.10.25"]
[SourceQuality "1"]

1. e4 c5 2. d4 cxd4 3. c3 dxc3 4. Nxc3 Nc6 5. Nf3 e6 6. Bc4 a6 7. 0-0 Nge7 8. Bg5 h6 9. Bh4 g5 10. Bg3 Ng6 11. Nd5 d6 12. Ne3 Be7 13. Nd4 Nce5 14. Bb3 h5 15. Qe2 Bd7 16. Rfd1 Rc8 17. Rac1 Rxc1 18. Rxc1 h4 19. Bxe5 dxe5 20. Nf3 0-0 21. Ng4 Qa5 22. g3 hxg3 23. hxg3 Kg7 24. Qe3 f6 25. Kg2 Rh8 26. Rh1 Rxh1 27. Kxh1 Qc5 28. Qe1 Qb4 29. Nd2 Qd4 30. Kg2 Nh8 31. Nf3 Qd6 32. Qh1 Nf7 33. Qh3 Qc6 34. Ne3 Bc5 35. Nc4 Qxe4 36. Ncd2 Qe2 37. Bxe6 Qxf2+ 38. Kh1 Bc6 39. Bxf7 Qg1# 0-1

[Event "Lille Luce op 5th"]
[Site "Lille"]
[Date "2014.04.30"]
[Round "4"]
[White "Farrington, Edward"]
[Black "Laine, Panu"]
[Result "1/2-1/2"]
[WhiteElo "1869"]
[BlackElo "2177"]
[PlyCount "77"]
[EventDate "2014.04.28"]
[EventType "swiss"]
[EventRounds "9"]
[EventCountry "FRA"]
[SourceTitle "CBM 160 Extra"]
[Source "ChessBase"]
[SourceDate "2014.07.01"]
[SourceVersion "1"]
[SourceVersionDate "2014.07.01"]
[SourceQuality "1"]

1. Nc3 d5 2. e4 e6 3. g3 dxe4 4. Nxe4 Bd7 5. Nf3 Bc6 6. Qe2 Nf6 7. Nxf6+ Qxf6 8. Bg2 Nd7 9. 0-0 Bd6 10. d4 h6 11. Re1 Rd8 12. Be3 0-0 13. c4 Rfe8 14. Red1 b6 15. Rac1 e5 16. d5 Bb7 17. Nd2 Qg6 18. Ne4 f5 19. Nxd6 cxd6 20. Qc2 Qf7 21. f4 exf4 22. Bxf4 Ne5 23. Bxe5 Rxe5 24. Rf1 Rde8 25. a4 Bc8 26. Qc3 Qe7 27. a5 Re2 28. axb6 axb6 29. b4 Ra2 30. Rfe1 Qf8 31. Rxe8 Qxe8 32. Re1 Re2 33. Rxe2 Qxe2 34. c5 bxc5 35. bxc5 dxc5 36. Qxc5 Qe1+ 37. Bf1 Ba6 38. Qf2 Qd1 39. Qxf5 1/2-1/2